书目信息 |
| 题名: |
做营销,搞管理和礼仪上不要犯这些错误
|
|
| 作者: | 羽飞 编著 | |
| 分册: | ||
| 出版信息: | 南昌 江西美术出版社 2017.7 |
|
| 页数: | 306页 | |
| 开本: | 21cm | |
| 丛书名: | ||
| 单 册: | ||
| 中图分类: | F713.3-49 , F272-49 | |
| 科图分类: | ||
| 主题词: | 营销--ying xiao--通俗读物 , 企业管理--qi ye guan li--通俗读物 , 礼仪--li yi--通俗读物 | |
| 电子资源: | ||
| ISBN: | 978-7-5480-5442-9 | |
| 000 | 01089nam0 2200277 450 | |
| 001 | 2156223053 | |
| 005 | 20211011172911.0 | |
| 010 | @a978-7-5480-5442-9@dCNY35.00 | |
| 100 | @a20181129d2017 em y0chiy50 ea | |
| 101 | 0 | @achi |
| 102 | @aCN@b360000 | |
| 105 | @aa z 000yy | |
| 106 | @ar | |
| 200 | 1 | @a做营销,搞管理和礼仪上不要犯这些错误@Azuo ying xiao gao guan li he li yi shang bu yao fan zhe xie cuo wu@f羽飞编著 |
| 210 | @a南昌@c江西美术出版社@d2017.7 | |
| 215 | @a306页@c图@d21cm | |
| 300 | @a美绘典藏版 | |
| 330 | @a本书运用通俗易懂的语言,结合生动有趣的案例,系统总结了人们在营销、管理和礼仪上最可能犯的错误及其负面影响,深入分析了造成这些错误的原因,并阐明了纠正这些错误的方法和要领,以帮助广大读者识别这些错误,引以为戒,在日常工作和生活中远离这些错误,从而更快速地走向成功。 | |
| 606 | 0 | @a营销@Aying xiao@j通俗读物 |
| 606 | 0 | @a企业管理@Aqi ye guan li@j通俗读物 |
| 606 | 0 | @a礼仪@Ali yi@j通俗读物 |
| 690 | @aF713.3-49@v5 | |
| 690 | @aF272-49@v5 | |
| 701 | 0 | @a羽飞@Ayu fei@4编著 |
| 801 | 0 | @aCN@b百万庄@c20211005 |
| 905 | @b1304450-53@dF713.3-49@e1181@f4 | |
| 做营销,搞管理和礼仪上不要犯这些错误/羽飞编著.-南昌:江西美术出版社,2017.7 |
| 306页:图;21cm |
| 美绘典藏版 |
| ISBN 978-7-5480-5442-9:CNY35.00 |
| 本书运用通俗易懂的语言,结合生动有趣的案例,系统总结了人们在营销、管理和礼仪上最可能犯的错误及其负面影响,深入分析了造成这些错误的原因,并阐明了纠正这些错误的方法和要领,以帮助广大读者识别这些错误,引以为戒,在日常工作和生活中远离这些错误,从而更快速地走向成功。 |
| ● |
| 相关链接 |
|
|
|
|
正题名:做营销,搞管理和礼仪上不要犯这些错误
索取号:F713.3-49/1181
 
预约/预借
| 序号 | 登录号 | 条形码 | 馆藏地/架位号 | 状态 | 备注 |
| 1 | 1304450 | 213044506 | 第一样本阅览室/ [索取号:F713.3-49/1181] | 在馆 | |
| 2 | 1304451 | 213044515 | 第一借阅区/ [索取号:F713.3-49/1181] | 在馆 | |
| 3 | 1304452 | 213044524 | 第一借阅区/ [索取号:F713.3-49/1181] | 在馆 | |
| 4 | 1304453 | 213044533 | 第一借阅区/ [索取号:F713.3-49/1181] | 在馆 |